| 000 | 00554nam a2200193 a 4500 | ||
|---|---|---|---|
| 001 | 0835 | ||
| 005 | 20140414131954.0 | ||
| 008 | 040930s19uu xx 00 eng d | ||
| 020 | _a0-15-315511-6 | ||
| 050 |
_aTR 372.7 _bA26 2002 |
||
| 100 | _aAndrews, Angela Giglio | ||
| 245 |
_aHarcourt Math, level 1 (green) / _cAngela Giglio Andrews, et al. |
||
| 250 | _aCalifornia Ed | ||
| 260 |
_aColumbus, Ohio : _bSRA/McGRaw-Hill, _c2002. |
||
| 300 | _axv, 455 p. ; cm. | ||
| 650 |
_aMathematics _xStudy and teaching. |
||
| 999 |
_c112881 _d112881 |
||